| 000 | 00338nam a2200133Ia 4500 | ||
|---|---|---|---|
| 005 | 20251222144909.0 | ||
| 008 | 251222s9999||||xx |||||||||||||| ||spa|| | ||
| 020 | _a978-612-313-138-8 | ||
| 082 | _a869.57/E86A | ||
| 100 | _aEspinar La Torre, Oscar E. | ||
| 245 | 0 | _aUn Almirante Inglés en el Callao: | |
| 264 | _bLexicom | ||
| 942 | _cLIB | ||
| 999 |
_c22258 _d22258 |
||